000 00491nam a22001337a 4500
008 150424b xxu||||| |||| 00| 0 eng d
082 _a750
_bA 447m
100 _aAlmeida, Marcio
_92486
245 _aMarcio Almeida.Pinturas
_cAlmeida, Marcio, Motta, Teresa (curadora)
260 _aLisboa Portugal
_bGCL Gráfica
_c1999
300 _a58 p.
_bill. (col)
_c28x28 cm
650 _xAlmeida, Marcio--1963--Exhibición
_xPintura
_y1999
_zBrasil
_92487
700 _aMarcio Almeida, Teresa Motta (curadora)
_92488
999 _c541
_d541